000 00335nam a2200133Ia 4500
008 100328s9999 xx 000 0 und d
082 _b39900
100 _aलिमये क्षमा
245 _aशर्यत
260 _bकौस्तुभ
630 _aशर्यत
730 _aशर्यत
942 _cBOOK
999 _c528730
_d528727